[Event "Championship Moscow 2015 Seniors rapid"]
[Site "?"]
[Date "2015.11.29"]
[Round "1.17"]
[White "Kryukov, Anton"]
[Black "Vul, Arkadi Eremeevich"]
[Result "0-1"]
[BlackElo "2174"]
[WhiteElo "1935"]
[LiveChessVersion "1.4.6"]

1. d4 {[%clk 0:10:05]} d5 {[%clk 0:10:09]} 2. c4 {[%clk 0:10:09]} e6
{[%clk 0:10:14]} 3. Nc3 {[%clk 0:10:12]} c6 {[%clk 0:10:18]} 4. e4
{[%clk 0:09:24]} dxe4 {[%clk 0:10:20]} 5. Nxe4 {[%clk 0:09:24]} Bb4+
{[%clk 0:10:25]} 6. Bd2 {[%clk 0:08:45]} Qxd4 {[%clk 0:10:27]} 7. Bxb4
{[%clk 0:08:47]} Qxe4+ {[%clk 0:10:30]} 8. Be2 {[%clk 0:06:28]} Na6
{[%clk 0:10:34]} 9. Bc3 {[%clk 0:05:59]} Ne7 {[%clk 0:10:30]} 10. Nf3
{[%clk 0:05:15]} O-O {[%clk 0:10:02]} 11. O-O {[%clk 0:05:11]} f6
{[%clk 0:09:32]} 12. Re1 {[%clk 0:04:10]} e5 {[%clk 0:09:00]} 13. Bd3
{[%clk 0:02:47]} Qg4 {[%clk 0:08:31]} 14. Re4 {[%clk 0:02:47]} Qd7
{[%clk 0:07:06]} 15. Rh4 {[%clk 0:02:39]} g6 {[%clk 0:06:53]} 16. Nxe5
{[%clk 0:01:39]} fxe5 {[%clk 0:06:50]} 17. Bxe5 {[%clk 0:01:27]} Nf5
{[%clk 0:05:56]} 18. Rh3 {[%clk 0:01:07]} Nc5 {[%clk 0:05:37]} 19. Qc2
{[%clk 0:00:27]} Nxd3 {[%clk 0:05:30]} 20. Rxd3 {[%clk 0:00:30]} Qf7
{[%clk 0:05:24]} 21. f3 {[%clk 0:00:27]} Be6 {[%clk 0:05:19]} 22. b3
{[%clk 0:00:25]} Rad8 {[%clk 0:03:58]} 23. Rad1 {[%clk 0:00:29]} Rxd3
{[%clk 0:04:00]} 24. Qxd3 {[%clk 0:00:27]} h5 {[%clk 0:03:30]} 25. Ba1 Kh7
{[%clk 0:02:34]} 26. Qc3 {[%clk 0:00:14]} Qe7 {[%clk 0:02:26]} 27. Re1
{[%clk 0:00:18]} Qf7 {[%clk 0:01:43]} 28. Qe5 {[%clk 0:00:19]} Re8
{[%clk 0:01:43]} 29. Qc3 {[%clk 0:00:10]} Ng7 {[%clk 0:01:34]} 30. Rd1
{[%clk 0:00:10]} h4 {[%clk 0:01:17]} 31. Qd4 {[%clk 0:00:08]} Nf5
{[%clk 0:01:12]} 32. Qxa7 {[%clk 0:00:12]} Qe7 {[%clk 0:00:54]} 33. Qf2
{[%clk 0:00:13]} Rd8 {[%clk 0:00:51]} 34. Re1 {[%clk 0:00:16]} Qf7
{[%clk 0:00:46]} 35. g4 {[%clk 0:00:15]} hxg3 {[%clk 0:00:43]} 36. hxg3
{[%clk 0:00:19]} Nh6 {[%clk 0:00:20]} 37. Kg2 {[%clk 0:00:23]} Qf5
{[%clk 0:00:11]} 38. Rh1 {[%clk 0:00:25]} Qg5 {[%clk 0:00:13]} 39. Bc3
{[%clk 0:00:23]} Rd3 {[%clk 0:00:11]} 0-1

[Event "Championship Moscow 2015 Seniors rapid"]
[Site "?"]
[Date "2015.11.29"]
[Round "1.18"]
[White "Chernov, Yury"]
[Black "Dubrovin, Anatoly"]
[Result "1/2-1/2"]
[BlackElo "1927"]
[WhiteElo "2165"]
[LiveChessVersion "1.4.6"]

1. e4 {[%clk 0:10:06]} e5 {[%clk 0:10:09]} 2. Nf3 {[%clk 0:10:09]} Nc6
{[%clk 0:10:13]} 3. Bc4 {[%clk 0:10:13]} Be7 {[%clk 0:10:16]} 4. d4
{[%clk 0:10:17]} d6 {[%clk 0:10:21]} 5. dxe5 {[%clk 0:10:20]} dxe5
{[%clk 0:10:25]} 6. Qxd8+ {[%clk 0:10:22]} Bxd8 {[%clk 0:10:28]} 7. Be3
{[%clk 0:10:26]} f6 {[%clk 0:10:32]} 8. Nc3 {[%clk 0:10:11]} Na5 {[%clk 0:10:35]}
9. Be2 {[%clk 0:10:00]} Be6 {[%clk 0:10:33]} 10. Nd2 {[%clk 0:09:38]} b6
{[%clk 0:10:17]} 11. O-O-O {[%clk 0:09:15]} c6 {[%clk 0:10:20]} 12. b3
{[%clk 0:08:38]} Bc7 {[%clk 0:10:24]} 13. Kb2 {[%clk 0:08:40]} Ne7
{[%clk 0:10:21]} 14. a3 {[%clk 0:08:40]} O-O {[%clk 0:09:53]} 15. b4
{[%clk 0:08:05]} Nb7 {[%clk 0:09:57]} 16. Bc4 {[%clk 0:08:00]} Kf7
{[%clk 0:09:36]} 17. Bxe6+ {[%clk 0:07:44]} Kxe6 {[%clk 0:09:40]} 18. Nc4
{[%clk 0:07:46]} Rfd8 {[%clk 0:09:43]} 19. Kb3 {[%clk 0:07:44]} Rxd1
{[%clk 0:09:37]} 20. Rxd1 {[%clk 0:07:47]} Rd8 {[%clk 0:09:39]} 21. Rxd8
{[%clk 0:07:41]} Bxd8 {[%clk 0:09:41]} 22. f3 {[%clk 0:07:34]} Bc7
{[%clk 0:09:44]} 23. Bf2 {[%clk 0:07:26]} Nd6 {[%clk 0:09:45]} 24. Nxd6
{[%clk 0:07:23]} Bxd6 {[%clk 0:09:44]} 25. b5 {[%clk 0:06:53]} c5
{[%clk 0:09:48]} 26. Kc4 {[%clk 0:06:47]} Nc8 {[%clk 0:09:24]} 27. Nd5
{[%clk 0:06:15]} Bb8 {[%clk 0:09:26]} 28. a4 {[%clk 0:06:11]} Nd6+
{[%clk 0:09:19]} 29. Kc3 {[%clk 0:06:14]} f5 {[%clk 0:09:20]} 30. Kd3
{[%clk 0:06:09]} fxe4+ {[%clk 0:09:02]} 31. fxe4 {[%clk 0:06:11]} Ne8
{[%clk 0:08:51]} 32. h3 {[%clk 0:05:48]} Nf6 {[%clk 0:08:38]} 33. Nxf6
{[%clk 0:05:30]} Kxf6 {[%clk 0:08:29]} 34. Be3 {[%clk 0:05:26]} Ke6
{[%clk 0:08:16]} 35. Kc4 {[%clk 0:05:24]} Bd6 {[%clk 0:08:17]} 36. a5
{[%clk 0:04:52]} Be7 {[%clk 0:07:20]} 37. a6 {[%clk 0:04:31]} h6 {[%clk 0:06:35]}
38. Bf2 {[%clk 0:03:54]} Bd6 {[%clk 0:06:32]} 39. Bh4 {[%clk 0:03:49]} g5
{[%clk 0:06:36]} 40. Bf2 {[%clk 0:03:51]} Be7 {[%clk 0:06:20]} 41. Be3
{[%clk 0:03:54]} Bd6 {[%clk 0:06:21]} 42. h4 {[%clk 0:03:53]} Be7
{[%clk 0:06:24]} 43. h5 {[%clk 0:03:40]} Bf8 {[%clk 0:06:04]} 44. Kd3
{[%clk 0:03:38]} Kf6 {[%clk 0:05:53]} 45. Bf2 {[%clk 0:03:33]} Be7
{[%clk 0:05:34]} 46. Ke3 {[%clk 0:03:33]} Ke6 {[%clk 0:05:21]} 47. Kf3
{[%clk 0:03:36]} Bd8 {[%clk 0:05:21]} 48. Kg4 {[%clk 0:03:36]} Be7
{[%clk 0:05:25]} 49. Be3 {[%clk 0:03:38]} Bd8 {[%clk 0:05:29]} 1/2-1/2

[Event "Championship Moscow 2015 Seniors rapid"]
[Site "?"]
[Date "2015.11.29"]
[Round "1.19"]
[White "Mishakov, Anatoly"]
[Black "Gik, Evgeny"]
[Result "0-1"]
[BlackElo "2164"]
[WhiteElo "1908"]
[LiveChessVersion "1.4.6"]

1. f4 {[%clk 0:10:07]} d5 {[%clk 0:10:01]} 2. e3 {[%clk 0:10:09]} g6
{[%clk 0:10:03]} 3. Nf3 {[%clk 0:10:11]} Bg7 {[%clk 0:10:07]} 4. Nc3
{[%clk 0:10:14]} Nf6 {[%clk 0:10:04]} 5. b3 {[%clk 0:10:17]} O-O {[%clk 0:09:52]}
6. Bb2 {[%clk 0:10:21]} Ne4 {[%clk 0:09:49]} 7. Na4 {[%clk 0:10:19]} Bxb2
{[%clk 0:09:38]} 8. Nxb2 {[%clk 0:10:23]} c5 {[%clk 0:09:30]} 9. d3
{[%clk 0:10:23]} Nd6 {[%clk 0:09:31]} 10. Be2 {[%clk 0:10:25]} e6
{[%clk 0:09:28]} 11. O-O {[%clk 0:10:26]} Qf6 {[%clk 0:09:32]} 12. Qc1
{[%clk 0:10:14]} Nc6 {[%clk 0:09:34]} 13. Nd1 {[%clk 0:10:16]} e5
{[%clk 0:09:27]} 14. Nd2 {[%clk 0:09:58]} d4 {[%clk 0:09:01]} 15. Ne4
{[%clk 0:09:43]} Nxe4 {[%clk 0:09:00]} 16. dxe4 {[%clk 0:09:47]} dxe3
{[%clk 0:08:29]} 17. fxe5 {[%clk 0:09:39]} Qxe5 {[%clk 0:08:28]} 18. Qxe3
{[%clk 0:09:41]} Qxa1 {[%clk 0:08:20]} 19. Nc3 {[%clk 0:09:42]} Qb2
{[%clk 0:08:19]} 20. Qxc5 {[%clk 0:09:26]} Be6 {[%clk 0:07:59]} 21. Bd3
{[%clk 0:09:24]} Rac8 {[%clk 0:07:59]} 22. Na4 {[%clk 0:09:26]} Qd4+
{[%clk 0:07:45]} 23. Qxd4 {[%clk 0:09:29]} Nxd4 {[%clk 0:07:49]} 24. Nb2
{[%clk 0:09:31]} Nxc2 {[%clk 0:07:47]} 0-1

[Event "Championship Moscow 2015 Seniors rapid"]
[Site "?"]
[Date "2015.11.29"]
[Round "1.20"]
[White "Lyubimov, Anatoly"]
[Black "Rosanov, Lev I."]
[Result "1-0"]
[BlackElo "1905"]
[WhiteElo "2147"]
[LiveChessVersion "1.4.6"]

1. d4 {[%clk 0:10:08]} g6 {[%clk 0:10:07]} 2. e4 {[%clk 0:10:02]} Bg7
{[%clk 0:10:10]} 3. g3 {[%clk 0:09:55]} c5 {[%clk 0:09:58]} 4. c3
{[%clk 0:09:36]} Nc6 {[%clk 0:09:45]} 5. d5 {[%clk 0:09:19]} Nb8 {[%clk 0:09:40]}
6. Be3 {[%clk 0:09:05]} d6 {[%clk 0:09:44]} 7. Nd2 {[%clk 0:08:57]} Nf6
{[%clk 0:09:37]} 8. h3 {[%clk 0:08:50]} a6 {[%clk 0:09:41]} 9. a4
{[%clk 0:08:51]} Bd7 {[%clk 0:09:23]} 10. Bg2 {[%clk 0:08:28]} O-O
{[%clk 0:09:16]} 11. Ne2 {[%clk 0:07:44]} Qc8 {[%clk 0:09:16]} 12. g4
{[%clk 0:07:38]} b6 {[%clk 0:09:18]} 13. Ng3 {[%clk 0:07:29]} Qb7
{[%clk 0:09:22]} 14. O-O {[%clk 0:06:44]} b5 {[%clk 0:09:25]} 15. a5
{[%clk 0:06:22]} b4 {[%clk 0:08:54]} 16. Qb3 {[%clk 0:05:35]} Bc8
{[%clk 0:08:57]} 17. cxb4 {[%clk 0:04:41]} Qxb4 {[%clk 0:08:18]} 18. Qxb4
{[%clk 0:04:44]} cxb4 {[%clk 0:08:22]} 19. Ra4 {[%clk 0:04:36]} Bd7
{[%clk 0:08:01]} 20. Rxb4 {[%clk 0:04:34]} Bb5 21. Rc1 {[%clk 0:04:32]} Nbd7
{[%clk 0:08:10]} 22. Bf1 {[%clk 0:04:13]} Rfb8 {[%clk 0:07:46]} 23. Bd4
{[%clk 0:03:35]} Bxf1 {[%clk 0:07:19]} 24. Rxb8+ {[%clk 0:03:33]} Rxb8
{[%clk 0:07:23]} 25. Ngxf1 {[%clk 0:03:13]} Nc5 {[%clk 0:07:25]} 26. Bxc5
{[%clk 0:03:03]} dxc5 {[%clk 0:07:24]} 27. Rxc5 {[%clk 0:02:59]} Rxb2
{[%clk 0:07:28]} 28. Rc8+ {[%clk 0:03:02]} Bf8 {[%clk 0:07:32]} 29. Ra8
{[%clk 0:02:59]} Rb4 {[%clk 0:06:57]} 30. f3 {[%clk 0:02:48]} Nd7
{[%clk 0:06:35]} 31. Rxa6 {[%clk 0:02:30]} Nc5 {[%clk 0:06:39]} 32. Rc6
{[%clk 0:02:05]} Nd3 {[%clk 0:06:15]} 33. Rc3 {[%clk 0:02:02]} Nf4
{[%clk 0:06:11]} 34. Ra3 {[%clk 0:02:01]} e6 {[%clk 0:06:09]} 35. Ra2
{[%clk 0:01:28]} exd5 {[%clk 0:06:02]} 36. a6 {[%clk 0:01:13]} Bc5+
{[%clk 0:06:06]} 37. Kh2 {[%clk 0:01:14]} Ba7 {[%clk 0:06:09]} 38. exd5
{[%clk 0:01:05]} Nxd5 {[%clk 0:06:09]} 39. Ne4 {[%clk 0:01:06]} Rb6
{[%clk 0:05:34]} 40. g5 {[%clk 0:01:01]} f5 {[%clk 0:05:08]} 41. gxf6 Kf7
{[%clk 0:04:59]} 42. Nfd2 {[%clk 0:00:55]} Nxf6 {[%clk 0:04:44]} 43. Nxf6
{[%clk 0:00:55]} Rxf6 {[%clk 0:04:47]} 44. Kg2 {[%clk 0:00:56]} Rf4
{[%clk 0:04:37]} 45. Ne4 {[%clk 0:00:44]} Ke6 {[%clk 0:04:39]} 46. Rb2
{[%clk 0:00:45]} h6 {[%clk 0:04:35]} 47. Rb7 {[%clk 0:00:39]} Rf7
{[%clk 0:04:39]} 48. Rxf7 {[%clk 0:00:42]} Kxf7 {[%clk 0:04:42]} 49. Nd6+
{[%clk 0:00:46]} Ke6 {[%clk 0:04:43]} 50. Nb5 {[%clk 0:00:46]} Bc5
{[%clk 0:04:43]} 51. a7 {[%clk 0:00:50]} Bxa7 {[%clk 0:04:47]} 52. Nxa7
{[%clk 0:00:54]} g5 {[%clk 0:04:28]} 53. Nc6 {[%clk 0:00:54]} h5 {[%clk 0:04:32]}
54. Kg3 {[%clk 0:00:54]} Kd6 {[%clk 0:04:25]} 55. Nd8 {[%clk 0:00:37]} Ke7
{[%clk 0:04:24]} 56. Nc6+ {[%clk 0:00:39]} Kd6 {[%clk 0:04:29]} 57. Nd4
{[%clk 0:00:43]} Ke5 {[%clk 0:04:33]} 58. Ne2 {[%clk 0:00:42]} Kf5
{[%clk 0:04:34]} 59. Kf2 {[%clk 0:00:37]} Ke5 {[%clk 0:04:30]} 60. Ke3 Kf5 61.
Ng3+ {[%clk 0:00:41]} Kg6 {[%clk 0:04:39]} 62. Ke4 {[%clk 0:00:42]} g4
{[%clk 0:04:33]} 63. fxg4 {[%clk 0:00:40]} hxg4 {[%clk 0:04:37]} 64. hxg4
{[%clk 0:00:43]} Kg5 {[%clk 0:04:40]} 65. Kf3 {[%clk 0:00:47]} 1-0

[Event "Championship Moscow 2015 Seniors rapid"]
[Site "?"]
[Date "2015.11.29"]
[Round "2.1"]
[White "Vul, Arkadi Eremeevich"]
[Black "Arkhipov, Sergey"]
[Result "0-1"]
[BlackElo "2507"]
[WhiteElo "2174"]
[LiveChessVersion "1.4.6"]

1. Nf3 {[%clk 0:10:09]} c5 {[%clk 0:10:09]} 2. c4 {[%clk 0:10:14]} g6
{[%clk 0:10:11]} 3. d4 {[%clk 0:10:18]} Bg7 {[%clk 0:10:12]} 4. e4
{[%clk 0:10:22]} Qa5+ {[%clk 0:10:07]} 5. Bd2 {[%clk 0:10:25]} Qb6
{[%clk 0:10:03]} 6. Bc3 {[%clk 0:10:29]} Nc6 {[%clk 0:10:01]} 7. d5
{[%clk 0:09:58]} Nd4 {[%clk 0:09:29]} 8. e5 {[%clk 0:09:58]} Nxf3+
{[%clk 0:09:19]} 9. Qxf3 {[%clk 0:10:00]} f6 {[%clk 0:08:29]} 10. exf6
{[%clk 0:09:50]} Nxf6 {[%clk 0:08:30]} 11. Bd3 {[%clk 0:09:14]} O-O
{[%clk 0:08:26]} 12. Qe2 {[%clk 0:08:40]} d6 {[%clk 0:08:09]} 13. O-O
{[%clk 0:08:29]} Bg4 14. f3 {[%clk 0:06:41]} Bd7 {[%clk 0:08:09]} 15. Nd2
{[%clk 0:06:45]} Rae8 {[%clk 0:08:06]} 16. Ne4 Nxd5 {[%clk 0:07:42]} 17. cxd5
{[%clk 0:04:59]} c4+ {[%clk 0:07:40]} 18. Qf2 {[%clk 0:04:00]} cxd3
{[%clk 0:07:26]} 19. Qxb6 {[%clk 0:03:36]} axb6 {[%clk 0:07:30]} 20. Bxg7
{[%clk 0:02:59]} Kxg7 {[%clk 0:07:34]} 21. Rfd1 {[%clk 0:02:43]} Bb5
{[%clk 0:06:26]} 22. Nc3 {[%clk 0:02:48]} Ba6 {[%clk 0:06:30]} 23. b4 Bc4 24. Kf2
{[%clk 0:02:48]} Rf5 {[%clk 0:05:59]} 25. Rd2 {[%clk 0:01:33]} Rc8 26. Re1 Kf8
{[%clk 0:05:37]} 27. g4 {[%clk 0:01:35]} Rf4 {[%clk 0:05:16]} 28. Ke3 Rf6 29. f4
{[%clk 0:01:25]} Rf7 {[%clk 0:04:37]} 30. Rf1 {[%clk 0:01:25]} e6
{[%clk 0:04:30]} 31. dxe6 {[%clk 0:01:20]} Bxe6 {[%clk 0:04:33]} 32. Ne4
{[%clk 0:00:53]} Re7 33. f5 {[%clk 0:00:26]} Bd5 {[%clk 0:04:31]} 34. fxg6+
{[%clk 0:00:24]} Kg8 {[%clk 0:04:28]} 35. gxh7+ Kxh7 {[%clk 0:04:30]} 36. Rf4
{[%clk 0:00:18]} Rc4 {[%clk 0:04:01]} 37. Rxd3 {[%clk 0:00:21]} Bxe4
{[%clk 0:03:57]} 38. Rd4 {[%clk 0:00:13]} Bd5+ {[%clk 0:03:12]} 39. Kd2
{[%clk 0:00:13]} Rxd4+ {[%clk 0:03:13]} 40. Rxd4 {[%clk 0:00:17]} Bxa2
{[%clk 0:03:13]} 41. Rxd6 {[%clk 0:00:20]} b5 {[%clk 0:03:15]} 42. Rb6
{[%clk 0:00:18]} Bc4 {[%clk 0:03:14]} 43. h4 {[%clk 0:00:26]} Re4 44. Rxb7+ Kg8
{[%clk 0:02:59]} 45. Rb8+ {[%clk 0:00:20]} Kf7 {[%clk 0:03:03]} 46. Rb7+
{[%clk 0:00:20]} Kf6 {[%clk 0:02:35]} 47. Rb6+ {[%clk 0:00:23]} Ke5
{[%clk 0:02:32]} 48. Rg6 {[%clk 0:00:27]} Kd4 {[%clk 0:02:28]} 49. h5
{[%clk 0:00:15]} Re2+ {[%clk 0:02:27]} 50. Kd1 {[%clk 0:00:20]} Rh2
{[%clk 0:02:23]} 51. h6 {[%clk 0:00:19]} Kc3 {[%clk 0:02:19]} 52. Ke1
{[%clk 0:00:14]} Re2+ {[%clk 0:02:18]} 53. Kd1 {[%clk 0:00:19]} Rf2
{[%clk 0:02:11]} 54. Ke1 0-1

[Event "Championship Moscow 2015 Seniors rapid"]
[Site "?"]
[Date "2015.11.29"]
[Round "2.2"]
[White "Dragomarezkij, Evgeni"]
[Black "Gik, Evgeny"]
[Result "1/2-1/2"]
[BlackElo "2164"]
[WhiteElo "2431"]
[LiveChessVersion "1.4.6"]

1. c4 {[%clk 0:10:10]} Nf6 {[%clk 0:10:09]} 2. Nc3 {[%clk 0:10:14]} g6
{[%clk 0:10:13]} 3. e4 {[%clk 0:10:18]} d6 {[%clk 0:10:18]} 4. d4
{[%clk 0:10:22]} Bg7 {[%clk 0:10:22]} 5. f3 {[%clk 0:10:26]} O-O {[%clk 0:10:25]}
6. Be3 {[%clk 0:10:30]} b6 {[%clk 0:10:29]} 7. Qd2 {[%clk 0:10:29]} c5
{[%clk 0:10:28]} 8. d5 {[%clk 0:10:32]} e6 {[%clk 0:10:27]} 9. Nge2
{[%clk 0:09:55]} a6 {[%clk 0:10:14]} 10. dxe6 {[%clk 0:09:29]} Bxe6
{[%clk 0:10:17]} 11. Nf4 {[%clk 0:09:33]} Nc6 12. Rc1 {[%clk 0:08:16]} Ne8
{[%clk 0:09:41]} 13. Bd3 {[%clk 0:07:53]} Nd4 {[%clk 0:09:39]} 14. O-O
{[%clk 0:07:45]} b5 {[%clk 0:09:33]} 15. b3 {[%clk 0:07:31]} Nc7 16. Rfe1
{[%clk 0:06:56]} Rb8 {[%clk 0:08:54]} 17. Bf1 bxc4 {[%clk 0:08:26]} 18. Nxe6
{[%clk 0:06:47]} fxe6 19. Bxc4 Kh8 {[%clk 0:07:30]} 20. Kh1 {[%clk 0:06:32]} d5
{[%clk 0:07:24]} 21. Bf1 {[%clk 0:06:19]} Qd6 {[%clk 0:06:14]} 22. Bf2
{[%clk 0:05:53]} Be5 {[%clk 0:05:53]} 23. Ne2 {[%clk 0:05:25]} 1/2-1/2

[Event "Championship Moscow 2015 Seniors rapid"]
[Site "?"]
[Date "2015.11.29"]
[Round "2.3"]
[White "Alekhin, Yuri"]
[Black "Balashov, Yuri S"]
[Result "1/2-1/2"]
[BlackElo "2385"]
[WhiteElo "2141"]
[LiveChessVersion "1.4.6"]

1. d4 {[%clk 0:10:08]} d6 {[%clk 0:10:08]} 2. Nf3 {[%clk 0:10:11]} Nf6
{[%clk 0:10:09]} 3. Bg5 {[%clk 0:10:12]} Nbd7 {[%clk 0:10:12]} 4. c4
{[%clk 0:10:14]} h6 {[%clk 0:10:15]} 5. Bh4 {[%clk 0:10:18]} g5 {[%clk 0:10:12]}
6. Bg3 {[%clk 0:10:18]} Ne4 {[%clk 0:10:16]} 7. Nc3 {[%clk 0:10:17]} Ndf6
{[%clk 0:10:18]} 8. e3 {[%clk 0:10:12]} Bg7 {[%clk 0:10:11]} 9. Bd3
{[%clk 0:10:13]} Nxg3 {[%clk 0:10:06]} 10. hxg3 {[%clk 0:10:16]} c5
{[%clk 0:10:08]} 11. Qc2 {[%clk 0:09:47]} Qa5 {[%clk 0:09:57]} 12. Nd2
{[%clk 0:09:15]} cxd4 {[%clk 0:09:49]} 13. exd4 {[%clk 0:09:06]} Be6
{[%clk 0:09:42]} 14. Qa4+ Qxa4 15. Nxa4 {[%clk 0:08:24]} Rc8 {[%clk 0:09:34]} 16.
Nc3 {[%clk 0:08:00]} Ng4 17. Ne2 {[%clk 0:06:30]} f5 {[%clk 0:09:25]} 18. b3
{[%clk 0:05:50]} Bd7 {[%clk 0:09:26]} 19. f3 Nf6 {[%clk 0:09:13]} 20. Nf1
{[%clk 0:05:20]} e5 {[%clk 0:09:13]} 21. Ne3 {[%clk 0:04:37]} e4 {[%clk 0:09:16]}
22. Bc2 {[%clk 0:04:28]} O-O {[%clk 0:09:03]} 23. f4 {[%clk 0:04:28]} b5
{[%clk 0:08:48]} 24. Kd2 {[%clk 0:04:11]} Be6 {[%clk 0:07:57]} 25. Rab1
{[%clk 0:03:57]} b4 {[%clk 0:07:46]} 26. d5 {[%clk 0:03:51]} Bd7 {[%clk 0:07:50]}
27. Nd4 {[%clk 0:03:50]} Nxd5 {[%clk 0:07:36]} 28. Nxd5 {[%clk 0:03:51]} Bxd4
{[%clk 0:07:39]} 29. Ne7+ {[%clk 0:03:54]} Kg7 {[%clk 0:07:43]} 30. Nxc8
{[%clk 0:03:56]} Bxc8 {[%clk 0:07:42]} 31. fxg5 {[%clk 0:03:56]} hxg5
{[%clk 0:07:45]} 32. Rh5 {[%clk 0:03:58]} 1/2-1/2

[Event "Championship Moscow 2015 Seniors rapid"]
[Site "?"]
[Date "2015.11.29"]
[Round "2.5"]
[White "Melnik, Viktor"]
[Black "Voevodin, Vladimir"]
[Result "1/2-1/2"]
[BlackElo "2323"]
[WhiteElo "2131"]
[LiveChessVersion "1.4.6"]

1. e4 {[%clk 0:10:07]} g6 {[%clk 0:09:59]} 2. d4 {[%clk 0:10:08]} Bg7
{[%clk 0:10:03]} 3. c3 {[%clk 0:10:07]} d5 {[%clk 0:10:06]} 4. e5
{[%clk 0:10:03]} c5 {[%clk 0:10:10]} 5. h3 {[%clk 0:10:01]} Nc6 {[%clk 0:10:13]}
6. Nf3 {[%clk 0:10:03]} Bf5 {[%clk 0:09:53]} 7. Bd3 {[%clk 0:09:57]} Be4
{[%clk 0:08:44]} 8. Be3 {[%clk 0:08:54]} Qb6 {[%clk 0:08:26]} 9. Bxe4
{[%clk 0:08:24]} dxe4 {[%clk 0:08:29]} 10. Ng5 {[%clk 0:08:23]} Qxb2
{[%clk 0:08:07]} 11. Nd2 {[%clk 0:08:18]} Qxc3 {[%clk 0:07:20]} 12. Ngxe4 Qa5
{[%clk 0:06:59]} 13. Nxc5 {[%clk 0:08:06]} b6 {[%clk 0:06:41]} 14. Ncb3
{[%clk 0:07:58]} Qa6 {[%clk 0:06:34]} 15. Qe2 {[%clk 0:07:56]} Qxe2+
{[%clk 0:06:36]} 16. Kxe2 Nh6 {[%clk 0:04:53]} 17. g4 {[%clk 0:07:54]} f5
{[%clk 0:04:34]} 18. g5 {[%clk 0:07:28]} Nf7 {[%clk 0:04:33]} 19. f4
{[%clk 0:07:26]} e6 {[%clk 0:04:20]} 20. Rac1 {[%clk 0:07:00]} Nb4
{[%clk 0:04:18]} 21. Rc4 {[%clk 0:06:14]} Nd5 {[%clk 0:04:16]} 22. Rhc1
{[%clk 0:06:05]} Kd7 23. h4 h6 {[%clk 0:03:41]} 24. Nf3 {[%clk 0:05:01]} hxg5
{[%clk 0:03:42]} 25. fxg5 Bf8 {[%clk 0:03:24]} 26. Rh1 {[%clk 0:04:19]} Be7 27.
Rcc1 {[%clk 0:04:09]} Rac8 {[%clk 0:03:22]} 28. Bd2 {[%clk 0:03:37]} Rxc1
{[%clk 0:03:24]} 29. Rxc1 {[%clk 0:03:33]} 1/2-1/2

[Event "Championship Moscow 2015 Seniors rapid"]
[Site "?"]
[Date "2015.11.29"]
[Round "2.7"]
[White "Sinelnikov, Igor"]
[Black "Shvedchikov, Anatoli I."]
[Result "0-1"]
[BlackElo "2293"]
[WhiteElo "2117"]
[LiveChessVersion "1.4.6"]

1. e4 c5 2. Nc3 Nc6 3. g3 g6 4. Bg2 Bg7 5. Nge2 e6 6. O-O Nge7 7. d3 d6 8. Be3
Nd4 9. Qd2 Qa5 10. Nc1 Nec6 11. f4 f5 12. h3 O-O 13. Kh2 Bd7 14. Qf2 Qd8 15. Nd1
fxe4 16. dxe4 e5 17. c3 exf4 18. gxf4 Ne6 19. Nd3 c4 20. Ne1 Nxf4 21. Bxf4 Rxf4
22. Qxf4 Be5 23. Qxe5 Nxe5 24. Ne3 Qb6 25. Nd5 Qxb2 26. Rb1 Qxb1 27. Nf6+ 0-1

[Event "Championship Moscow 2015 Seniors rapid"]
[Site "?"]
[Date "2015.11.29"]
[Round "2.8"]
[White "Tsarev, Valery"]
[Black "Melikidze, Shota"]
[Result "1-0"]
[BlackElo "2115"]
[WhiteElo "2270"]
[LiveChessVersion "1.4.6"]

1. e4 {[%clk 0:10:07]} e6 {[%clk 0:10:13]} 2. d4 b5 3. Bxb5 {[%clk 0:10:10]} Bb7
{[%clk 0:10:22]} 4. Bd3 {[%clk 0:10:14]} f5 {[%clk 0:10:26]} 5. Qe2
{[%clk 0:10:13]} Qh4 {[%clk 0:10:25]} 6. Nf3 Qg4 7. Nbd2 {[%clk 0:09:36]} c5
{[%clk 0:09:59]} 8. exf5 Nf6 {[%clk 0:09:06]} 9. fxe6 {[%clk 0:09:25]} Be7
{[%clk 0:08:55]} 10. h3 {[%clk 0:09:17]} Qxg2 {[%clk 0:08:25]} 11. exd7+
{[%clk 0:09:08]} Nbxd7 {[%clk 0:08:28]} 12. Rg1 {[%clk 0:09:12]} Qxh3 13. Rxg7
{[%clk 0:08:37]} Nd5 14. Ne4 {[%clk 0:07:15]} Kf8 15. Rg3 Qh5 {[%clk 0:04:46]}
16. Bd2 {[%clk 0:07:10]} cxd4 {[%clk 0:04:16]} 17. O-O-O {[%clk 0:07:10]} N7f6
{[%clk 0:03:58]} 18. Nxf6 {[%clk 0:07:09]} Nxf6 {[%clk 0:03:58]} 19. Nxd4
{[%clk 0:06:57]} 1-0

[Event "Championship Moscow 2015 Seniors rapid"]
[Site "?"]
[Date "2015.11.29"]
[Round "2.9"]
[White "Melnik, Sergey"]
[Black "Kremenietsky, Anatoly M."]
[Result "0-1"]
[BlackElo "2262"]
[WhiteElo "2104"]
[LiveChessVersion "1.4.6"]

1. e4 {[%clk 0:10:07]} c5 {[%clk 0:10:09]} 2. Nf3 {[%clk 0:10:10]} e6
{[%clk 0:10:13]} 3. d4 {[%clk 0:10:13]} cxd4 {[%clk 0:10:18]} 4. Nxd4
{[%clk 0:10:16]} Nc6 {[%clk 0:10:19]} 5. Nc3 {[%clk 0:10:02]} Nf6
{[%clk 0:10:17]} 6. Be3 {[%clk 0:09:45]} Bb4 {[%clk 0:10:12]} 7. Nxc6
{[%clk 0:08:37]} bxc6 {[%clk 0:10:15]} 8. Bd3 {[%clk 0:08:40]} d5
{[%clk 0:10:13]} 9. e5 {[%clk 0:08:02]} d4 {[%clk 0:09:56]} 10. exf6 dxe3 11. O-O
{[%clk 0:06:40]} Qxf6 {[%clk 0:07:59]} 12. fxe3 {[%clk 0:06:33]} Qe5 13. Ne4
{[%clk 0:05:32]} O-O {[%clk 0:06:24]} 14. Qf3 {[%clk 0:05:07]} Rb8
{[%clk 0:05:54]} 15. Qh3 {[%clk 0:04:56]} h6 {[%clk 0:05:30]} 16. Rf4
{[%clk 0:04:24]} f5 17. Qg3 Bd7 {[%clk 0:03:17]} 18. Raf1 {[%clk 0:02:52]} Kh8
19. Ng5 {[%clk 0:01:53]} Bd6 {[%clk 0:02:23]} 20. Qh3 {[%clk 0:01:56]} Kg8
{[%clk 0:02:12]} 21. Rh4 0-1

[Event "Championship Moscow 2015 Seniors rapid"]
[Site "?"]
[Date "2015.11.29"]
[Round "2.11"]
[White "Archangelsky, Mikhail"]
[Black "Kachar, Vladimir"]
[Result "0-1"]
[BlackElo "2237"]
[WhiteElo "2080"]
[LiveChessVersion "1.4.6"]

1. d4 Nf6 2. Bf4 g6 3. e3 Bg7 4. c4 c5 5. Nc3 d6 6. Be2 Qb6 7. Qd2 Nc6 8. d5 Ne5
9. Nf3 Nh5 10. Bg5 h6 11. Bh4 Nxf3+ 12. Bxf3 Nf6 13. h3 Bd7 14. Bg3 Qa5 15. Rd1
a6 16. a3 b5 17. cxb5 axb5 18. O-O b4 19. axb4 Qxb4 20. e4 Nh7 21. Rfe1 Ng5 0-1

[Event "Championship Moscow 2015 Seniors rapid"]
[Site "?"]
[Date "2015.11.29"]
[Round "2.12"]
[White "Skorodumov, Vladimir"]
[Black "Novogrudsky, Nikolay"]
[Result "1-0"]
[BlackElo "2079"]
[WhiteElo "2234"]
[LiveChessVersion "1.4.6"]

1. c4 {[%clk 0:10:09]} c5 {[%clk 0:10:08]} 2. Nf3 {[%clk 0:10:10]} Nc6
{[%clk 0:10:10]} 3. d4 {[%clk 0:10:14]} cxd4 {[%clk 0:10:12]} 4. Nxd4
{[%clk 0:10:19]} Nf6 {[%clk 0:10:13]} 5. Nc3 {[%clk 0:10:21]} e6 {[%clk 0:10:15]}
6. g3 {[%clk 0:10:17]} Bc5 {[%clk 0:09:32]} 7. Nb3 {[%clk 0:10:18]} Bb4
{[%clk 0:09:30]} 8. Bd2 {[%clk 0:10:10]} d5 {[%clk 0:09:18]} 9. cxd5
{[%clk 0:10:14]} Nxd5 {[%clk 0:09:02]} 10. Bg2 {[%clk 0:09:54]} Nxc3
{[%clk 0:08:47]} 11. bxc3 {[%clk 0:09:30]} Be7 {[%clk 0:08:47]} 12. O-O
{[%clk 0:09:26]} O-O {[%clk 0:08:47]} 13. Be3 {[%clk 0:09:03]} Qc7
{[%clk 0:08:25]} 14. Rc1 e5 {[%clk 0:06:59]} 15. c4 {[%clk 0:05:04]} Bf5
{[%clk 0:06:10]} 16. c5 {[%clk 0:04:35]} 1-0